The International directory of importers : worldwide automotive equipment,parts & accessories importing firms.

Bibliographic Details
Format: Book
Published: Poulsbo,WA: Interdata, 1997.
Subjects:
LEADER 00468cam a2200145 7i4500
001 0000005141
005 19991025090000.0
002 ##000006732
020 0 0 |a T000005318  
090 0 0 |a I 629.2025   |b INT 
245 0 4 |a The International directory of importers :   |b worldwide automotive equipment,parts & accessories importing firms. 
260 0 0 |a Poulsbo,WA:   |b Interdata,   |c 1997. 
300 0 0 |a 377 p.. 
650 0 0 |a Automobiles  
999 |a 0000008131  |b Book  |c Open shelf  |e Business Information Centre